书目信息 |
| 题名: |
父与子
|
|
| 作者: | 滕婧 著 ;卜劳恩 画 | |
| 分册: | ||
| 出版信息: | 哈尔滨 哈尔滨出版社 2009 |
|
| 页数: | 248页 | |
| 开本: | 22cm | |
| 丛书名: | “精英教育馆·教养指南”系列丛书 | |
| 单 册: | ||
| 中图分类: | G78-49 , J238.2(516) | |
| 科图分类: | ||
| 主题词: | 家庭教育--通俗读物 , 漫画--德国--现代--画册 , 家庭教育 , 漫画 | |
| 电子资源: | ||
| ISBN: | 978-7-80753-518-8 | |
| 000 | 01613oam2 2200373 45 | |
| 001 | 1050737109 | |
| 005 | 20100416092926.87 | |
| 010 | @a978-7-80753-518-8@dCNY19.80 | |
| 100 | @a20100408d2009 em y0chiy50 ea | |
| 101 | 0 | @achi |
| 102 | @aCN@b230000 | |
| 105 | @aa z 000yy | |
| 106 | @ar | |
| 200 | 1 | @a父与子@AFu Yu Zi@dFather and son : a parenting book for dad@e给爸爸的亲子教养书@EGei Ba Ba De Qin Zi Jiao Yang Shu@e如何做一个称职的好父亲@ERu He Zuo Yi Ge Chen Zhi De Hao Fu Qin@f滕婧著@FTeng Jing Zhu@g(德)埃·奥·卜劳恩画@zeng |
| 210 | @a哈尔滨@c哈尔滨出版社@d2009 | |
| 215 | @a248页@c图@d22cm | |
| 225 | 2 | @a“精英教育馆·教养指南”系列丛书 |
| 300 | @a教养指南 | |
| 304 | @a附:世界著名漫画《父与子》 | |
| 330 | @a本书作者从做父亲的天职、父亲在家庭教育中的角色和作用等方面给予许多有益的建议,告诉大家,什么样的爸爸是好爸爸,如何做一个好爸爸,其中许多方法和技巧值得借鉴。本书从著名漫画家埃·奥·卜劳恩的《父与子》中精选了120多幅漫画,让读者在轻松的阅读体验中,感受爱和快乐。 | |
| 461 | 0 | @12001 @a“精英教育馆·教养指南”系列丛书 |
| 510 | 1 | @aFather and son : a parenting book for dad@zeng |
| 517 | 1 | @a给爸爸的亲子教养书@AGei Ba Ba De Qin Zi Jiao Yang Shu |
| 517 | 1 | @a如何做一个称职的好父亲@ARu He Zuo Yi Ge Chen Zhi De Hao Fu Qin |
| 606 | 0 | @a家庭教育@j通俗读物 |
| 606 | 0 | @a漫画@y德国@z现代@j画册 |
| 606 | 0 | @a家庭教育 |
| 606 | 0 | @a漫画 |
| 690 | @aG78-49@v4 | |
| 690 | @aJ238.2(516)@v4 | |
| 701 | 0 | @a滕婧@ATeng Jing@4著 |
| 702 | 1 | @a卜劳恩@ABu Lao En@g(Plauen, E. O.@f1903~1944)@4画 |
| 801 | 0 | @aCN@bTANGWEI@c20100416 |
| 905 | @b0590064-68@dG78-49@e213@f5 | |
| 父与子=Father and son : a parenting book for dad:给爸爸的亲子教养书:如何做一个称职的好父亲/滕婧著/(德)埃·奥·卜劳恩画.-哈尔滨:哈尔滨出版社,2009 |
| 248页:图;22cm.-(“精英教育馆·教养指南”系列丛书) |
| 教养指南 |
| ISBN 978-7-80753-518-8:CNY19.80 |
| 本书作者从做父亲的天职、父亲在家庭教育中的角色和作用等方面给予许多有益的建议,告诉大家,什么样的爸爸是好爸爸,如何做一个好爸爸,其中许多方法和技巧值得借鉴。本书从著名漫画家埃·奥·卜劳恩的《父与子》中精选了120多幅漫画,让读者在轻松的阅读体验中,感受爱和快乐。 |
| ● |
| 相关链接 |
|
|
|
|
正题名:父与子
索取号:G78-49/213
 
预约/预借
| 序号 | 登录号 | 条形码 | 馆藏地/架位号 | 状态 | 备注 |
| 1 | 0590064 | 205900649 | 第一样本阅览室/ [索取号:G78-49/213] | 在馆 | |
| 2 | 0590065 | 205900658 | 第四借阅区/ [索取号:G78-49/213] | 在馆 | |
| 3 | 0590066 | 205900667 | 第四借阅区/ [索取号:G78-49/213] | 在馆 | |
| 4 | 0590067 | 205900676 | 第四借阅区/ [索取号:G78-49/213] | 在馆 | |
| 5 | 0590068 | 205900685 | 第四借阅区/ [索取号:G78-49/213] | 在馆 |